[Event "137th YMCA Winter D"]
[Site "Warszawa"]
[Date "2014.01.28"]
[Round "4"]
[White "Duda, Ryszard"]
[Black "Budrewicz, Henryk"]
[Result "1-0"]
[WhiteElo "1641"]
[BlackElo "1539"]
[PlyCount "91"]
[EventDate "2014.01.06"]
[EventType "tourn"]
[EventRounds "1"]
[EventCountry "POL"]
[SourceDate "2014.01.06"]

1. d4 d5 2. Nf3 Nf6 3. c4 c6 4. e3 Bf5 5. Nc3 e6 6. Be2 dxc4 7. Bxc4 Bb4 8. Bd2
O-O 9. O-O Nbd7 10. h3 h6 11. a3 Bd6 12. Re1 b5 13. Ba2 Ne4 14. Bb1 Ndf6 15.
Qe2 Qc7 16. Rc1 a6 17. b4 Rfe8 18. Be1 Rac8 19. Bd3 Qb8 20. Qc2 Nxc3 21. Bxc3
Bxd3 22. Qxd3 Nd5 23. Bb2 f5 24. Rc2 Re7 25. Rac1 Rec7 26. g3 Nf6 27. Kg2 Qb7
28. Qb3 Re8 29. Kh2 Nd5 30. Qd3 Nf6 31. Nd2 Qc8 32. e4 Bf8 33. d5 fxe4 34. Qb3
exd5 35. Bxf6 gxf6 36. Rxc6 Rxc6 37. Qxd5+ Qe6 38. Qxc6 Qf5 39. Qxe8 Qxf2+ 40.
Kh1 Qf5 41. Kg2 Qg5 42. Rc2 e3 43. Nf3 Qf5 44. Re2 Qd3 45. Qxe3 Qc4 46. Qe6+
1-0

[Event "137th YMCA Winter D"]
[Site "Warszawa"]
[Date "2014.01.27"]
[Round "4"]
[White "Kalhorn, Marcin"]
[Black "Bitowt, Jacek"]
[Result "1-0"]
[WhiteElo "1595"]
[BlackElo "1699"]
[PlyCount "51"]
[EventDate "2014.01.06"]
[EventType "tourn"]
[EventRounds "1"]
[EventCountry "POL"]
[SourceDate "2014.01.06"]

1. d4 Nf6 2. c4 g6 3. Nc3 Bg7 4. e4 d6 5. Nf3 O-O 6. Be2 Nc6 7. O-O e5 8. d5
Ne7 9. b4 a5 10. Ba3 axb4 11. Bxb4 Nd7 12. Nd2 f5 13. exf5 gxf5 14. Qc2 Ng6 15.
Rfd1 Nf4 16. Bf1 Rf6 17. g3 Nh5 18. Be2 Qe8 19. Nb5 Qg6 20. Nxc7 Rb8 21. Kh1
Nc5 22. Bxc5 dxc5 23. Nf3 Rd6 24. Nb5 Rd8 25. Nh4 Qf6 26. Bxh5 1-0

[Event "137th YMCA Winter D"]
[Site "Warszawa"]
[Date "2014.01.27"]
[Round "4"]
[White "Wrabel, Antoni"]
[Black "Borowski, Marek"]
[Result "1/2-1/2"]
[WhiteElo "1712"]
[BlackElo "1530"]
[Annotator "Admin"]
[PlyCount "98"]
[EventDate "2014.01.06"]
[EventType "tourn"]
[EventRounds "1"]
[EventCountry "POL"]
[SourceDate "2014.01.06"]

1. e4 e6 2. Qe2 c5 3. g3 Nc6 4. Bg2 g6 5. c3 Bg7 6. d3 Nge7 7. Be3 b6 8. Nd2
Ba6 9. Nh3 Ne5 10. c4 d5 11. f4 N5c6 12. Nf3 dxe4 13. dxe4 O-O 14. Rd1 Qc7 15.
O-O Rad8 16. Nf2 Rxd1 17. Rxd1 Rd8 18. b3 Bb7 19. g4 Rd7 20. e5 Qd8 21. Rxd7
Qxd7 22. Ne4 Nc8 23. h4 Nb4 24. Ne1 Ne7 25. a3 Bxe4 26. Bxe4 Nbc6 27. Nc2 f6
28. exf6 Bxf6 29. g5 Bg7 30. h5 Nf5 31. hxg6 hxg6 32. Bf2 Ncd4 33. Nxd4 Bxd4
34. Bxd4 Qxd4+ 35. Kh2 Kf7 36. Kg2 Nh4+ 37. Kg3 Nf5+ 38. Bxf5 exf5 39. Kf3 Qc3+
40. Qe3 Qb2 41. Qd3 Ke7 $11 42. Qe2+ Qxe2+ 43. Kxe2 a5 44. Kd3 Kd6 45. Kc3 Kc6
46. Kd3 Kd6 47. Kc2 Kc7 48. Kb2 Kb7 49. Kc3 Kc6 1/2-1/2

[Event "137th YMCA Winter D"]
[Site "Warszawa"]
[Date "2014.02.03"]
[Round "5"]
[White "Borowski, Marek"]
[Black "Bartczak, Hanna"]
[Result "1/2-1/2"]
[WhiteElo "1530"]
[BlackElo "1592"]
[PlyCount "75"]
[EventDate "2014.01.06"]
[EventType "tourn"]
[EventRounds "1"]
[EventCountry "POL"]
[SourceDate "2014.01.06"]

1. d4 d6 2. e4 Nf6 3. Nc3 Nbd7 4. Bd3 c6 5. f4 e5 6. dxe5 dxe5 7. Nf3 exf4 8.
Bxf4 Bc5 9. Qd2 O-O 10. O-O-O b5 11. h3 Qb6 12. Kb1 Re8 13. g4 Nf8 14. e5 N6d7
15. Ne4 Ng6 16. Nxc5 Qxc5 17. Bxg6 hxg6 18. Rhe1 Nb6 19. Be3 Qc4 20. b3 Qe4 21.
Ng5 Qd5 22. Qc3 Qg2 23. Rg1 Qe2 24. Bxb6 axb6 25. Qxc6 Be6 26. Qf3 Qxe5 27.
Nxe6 Qxe6 28. Rgf1 Ra7 29. Rfe1 Qxe1 30. Rxe1 Rxe1+ 31. Kb2 Re8 32. Qc6 Rea8
33. Qxb5 Rxa2+ 34. Kb1 Ra1+ 35. Kb2 R1a2+ 36. Kb1 Ra1+ 37. Kb2 R1a2+ 38. Kb1
1/2-1/2

[Event "137th YMCA Winter D"]
[Site "Warszawa"]
[Date "2014.02.03"]
[Round "5"]
[White "Bitowt, Jacek"]
[Black "Wrabel, Antoni"]
[Result "1/2-1/2"]
[WhiteElo "1699"]
[BlackElo "1712"]
[Annotator "Admin"]
[PlyCount "40"]
[EventDate "2014.01.06"]
[EventType "tourn"]
[EventRounds "1"]
[EventCountry "POL"]
[SourceDate "2014.01.06"]

1. e4 e5 2. Nf3 Nc6 3. d4 exd4 4. Nxd4 Bc5 5. Be3 Qf6 6. c3 Nge7 7. Bc4 O-O 8.
O-O Bb6 9. f4 d6 10. Na3 Be6 11. Bxe6 fxe6 12. Nc4 Qg6 13. Qc2 d5 14. Nxb6 axb6
15. f5 Nxd4 16. cxd4 exf5 17. Qxc7 Qe6 18. Bf4 Ng6 19. exf5 Rxf5 20. Rae1 Qf7
$11 1/2-1/2

[Event "137th YMCA Winter D"]
[Site "Warszawa"]
[Date "2014.02.04"]
[Round "5"]
[White "Budrewicz, Henryk"]
[Black "Kalhorn, Marcin"]
[Result "1-0"]
[WhiteElo "1539"]
[BlackElo "1595"]
[PlyCount "123"]
[EventDate "2014.01.06"]
[EventType "tourn"]
[EventRounds "1"]
[EventCountry "POL"]
[SourceDate "2014.01.06"]

1. d4 Nf6 2. Nf3 g6 3. Bf4 Bg7 4. h3 O-O 5. e3 d6 6. Be2 c5 7. c3 Be6 8. Nbd2
Qb6 9. Qc2 Nc6 10. dxc5 Qxc5 11. Nd4 Nxd4 12. exd4 Qb6 13. O-O Rfc8 14. Bd3 Nd5
15. Nc4 Qd8 16. Bd2 b5 17. Na3 Nb4 18. Qb1 Nxd3 19. Qxd3 Bc4 20. Nxc4 bxc4 21.
Qe2 e6 22. Bf4 Rab8 23. Rfe1 Rb7 24. Rad1 d5 25. Rd2 Qa5 26. a3 Qd8 27. Qe3 Rb3
28. g4 Qb6 29. Ree2 Rc6 30. g5 Qb7 31. f3 Rcb6 32. Qf2 Bf8 33. Be5 Bd6 34. f4
Qe7 35. h4 Qd8 36. Qh2 Qe7 37. Qg3 Qd8 38. Qe3 Qb8 39. Qf2 Qd8 40. Rc2 Qb8 41.
Qh2 Qd8 42. Rg2 Qb8 43. h5 Qf8 44. hxg6 fxg6 45. Bf6 Be7 46. Qh4 Bxf6 47. gxf6
Rb7 48. Rce2 R3b6 49. f5 exf5 50. Re7 Rxe7 51. fxe7 Qe8 52. Re2 Rb7 53. Qf6 Rb6
54. Qe5 Rb5 55. Qe6+ Kg7 56. Qd6 Kf7 57. Qe6+ Kg7 58. Rh2 Rb6 59. Qe5+ Kg8 60.
Qxd5+ Kg7 61. Re2 Rb7 62. Qxb7 1-0

[Event "137th YMCA Winter D"]
[Site "Warszawa"]
[Date "2014.02.07"]
[Round "5"]
[White "Sanz-Wawer, Daniel"]
[Black "Duda, Ryszard"]
[Result "1-0"]
[WhiteElo "1641"]
[BlackElo "1641"]
[PlyCount "59"]
[EventDate "2014.01.06"]
[EventType "tourn"]
[EventRounds "1"]
[EventCountry "POL"]
[SourceDate "2014.01.06"]

1. e4 e6 2. d4 d5 3. Nd2 Nf6 4. Bd3 dxe4 5. Nxe4 Be7 6. Nf3 c5 7. Nxc5 Bxc5 8.
dxc5 Qa5+ 9. Bd2 Qxc5 10. O-O O-O 11. Bc3 Nbd7 12. Re1 b6 13. Bd4 Qc7 14. Ne5
Bb7 15. Nxd7 Nxd7 16. Bxh7+ Kxh7 17. Qh5+ Kg8 18. Bxg7 Kxg7 19. Qg5+ Kh8 20.
Re3 Qxc2 21. Rh3+ Qh7 22. Rxh7+ Kxh7 23. Rd1 Rg8 24. Qh5+ Kg7 25. Rxd7 Rgf8 26.
Rxb7 Rac8 27. Qg5+ Kh7 28. g3 Rc5 29. Qf6 Rf5 30. Qxe6 1-0

[Event "137th YMCA Winter D"]
[Site "Warszawa"]
[Date "2014.02.03"]
[Round "5"]
[White "Kwiek, Janusz"]
[Black "Sobotka, Jan"]
[Result "1/2-1/2"]
[WhiteElo "1597"]
[BlackElo "1573"]
[PlyCount "107"]
[EventDate "2014.01.06"]
[EventType "tourn"]
[EventRounds "1"]
[EventCountry "POL"]
[SourceDate "2014.01.06"]

1. Nf3 d5 2. d4 c6 3. Bf4 Nf6 4. e3 Bg4 5. h3 Bh5 6. Be2 e6 7. O-O Bd6 8. Bxd6
Qxd6 9. Nbd2 O-O 10. c4 dxc4 11. Nxc4 Qe7 12. Nfe5 Bxe2 13. Qxe2 Nbd7 14. Rfc1
Nxe5 15. Nxe5 Nd7 16. Nxd7 Qxd7 17. Rc5 Rfe8 18. Rac1 Qd6 19. f4 Kh8 20. Qc2 f6
21. Qc3 Re7 22. b4 a6 23. a4 Qd7 24. b5 axb5 25. axb5 cxb5 26. Qb4 e5 27. fxe5
fxe5 28. dxe5 Rae8 29. Qd4 h6 30. Rd5 Qf5 31. Rf1 Qg5 32. Rxb5 Rxe5 33. Rxe5
Qxe5 34. Rf8+ Kh7 35. Rxe8 Qxe8 36. e4 Qe6 37. e5 b6 38. Qd6 Qc8 39. e6 Kg8 40.
Qxb6 Kf8 41. Qd6+ Ke8 42. Kh2 Qd8 43. Qf4 Qf6 44. Qd6 Qd8 45. Qf4 Qf6 46. Qxf6
gxf6 47. Kg3 Ke7 48. Kg4 Kxe6 49. Kh5 f5 50. g3 f4 51. gxf4 Kf5 52. h4 Kxf4 53.
Kg6 h5 54. Kxh5 1/2-1/2

[Event "137th YMCA Winter D"]
[Site "Warszawa"]
[Date "2014.02.10"]
[Round "6"]
[White "Bartczak, Hanna"]
[Black "Kepa, Wojciech"]
[Result "1/2-1/2"]
[WhiteElo "1592"]
[BlackElo "1616"]
[Annotator "Admin"]
[PlyCount "38"]
[EventDate "2014.01.06"]
[EventType "tourn"]
[EventRounds "1"]
[EventCountry "POL"]
[SourceDate "2014.01.06"]

1. Nf3 g6 2. c4 Nf6 3. Nc3 Bg7 4. g3 d5 5. cxd5 Nxd5 6. Qa4+ Bd7 7. Qb3 Nxc3 8.
dxc3 Bc6 9. Bg2 O-O 10. O-O Nd7 11. Be3 e6 12. Ng5 Bxg2 13. Kxg2 b6 14. Rfd1
Qe7 15. Rd2 Rfd8 16. Rad1 Nc5 17. Qc4 Rxd2 18. Rxd2 Rd8 19. Nf3 Rxd2 $11
1/2-1/2

[Event "137th YMCA Winter D"]
[Site "Warszawa"]
[Date "2014.02.13"]
[Round "6"]
[White "Sobotka, Jan"]
[Black "Herman, Monika"]
[Result "0-1"]
[WhiteElo "1573"]
[BlackElo "1645"]
[PlyCount "138"]
[EventDate "2014.01.06"]
[EventType "tourn"]
[EventRounds "1"]
[EventCountry "POL"]
[SourceDate "2014.01.06"]

1. d4 Nf6 2. c4 e6 3. Nf3 Bb4+ 4. Bd2 Qe7 5. g3 O-O 6. Bg2 Bxd2+ 7. Nbxd2 d6 8.
e4 e5 9. d5 a5 10. O-O Na6 11. a3 Nc5 12. Qc2 a4 13. Rfe1 Nh5 14. b4 axb3 15.
Nxb3 b6 16. Nxc5 bxc5 17. a4 f5 18. Nh4 f4 19. Qe2 g6 20. Bf3 fxg3 21. fxg3 Nf4
22. gxf4 Qxh4 23. fxe5 Qg5+ 24. Kh1 Qxe5 25. Bg2 Qd4 26. e5 Rf2 27. Qe3 Qxe3
28. Rxe3 Rb8 29. e6 Ba6 30. e7 Re8 31. Bh3 Kf7 32. Rae1 Bxc4 33. Kg1 Rf5 34.
Bxf5 gxf5 35. Rf3 Rg8+ 36. Kf2 Ke8 37. Rxf5 h6 38. a5 Bd3 39. Rf3 Bc4 40. Rf5
Bd3 41. Re3 Bxf5 42. a6 Bc8 43. a7 Bb7 44. Rb3 Kxe7 45. Rxb7 Ra8 46. Rxc7+ Kf6
47. Rh7 Ke5 48. Ke3 Kxd5 49. Kd3 Kc6 50. h4 h5 51. Kc3 Kb6 52. Rd7 Kc6 53. Rg7
d5 54. Rg6+ Kb5 55. Rg7 Kb6 56. Rg5 d4+ 57. Kc4 Rxa7 58. Rg6+ Kc7 59. Kxc5 d3
60. Rc6+ Kd8 61. Rg6 d2 62. Rg1 Rc7+ 63. Kd6 Rd7+ 64. Ke6 d1=Q 65. Rg8+ Kc7 66.
Rg5 Qe2+ 67. Kf5 Rd5+ 68. Kg6 Rxg5+ 69. hxg5 h4 0-1

[Event "137th YMCA Winter D"]
[Site "Warszawa"]
[Date "2014.02.05"]
[Round "6"]
[White "Wilczynski, Adam"]
[Black "Kwiek, Janusz"]
[Result "0-1"]
[WhiteElo "1664"]
[BlackElo "1597"]
[PlyCount "105"]
[EventDate "2014.01.06"]
[EventType "tourn"]
[EventRounds "1"]
[EventCountry "POL"]
[SourceDate "2014.01.06"]

1. Nf3 d5 2. c4 d4 3. e3 Nc6 4. b4 dxe3 5. fxe3 Nxb4 6. d4 e6 7. Be2 Nf6 8. Nc3
Be7 9. e4 O-O 10. Rb1 Nc6 11. e5 Nd7 12. O-O f5 13. Be3 b6 14. Qc1 Bb7 15. Rd1
Qe8 16. Ng5 Nd8 17. Nb5 Rc8 18. Nxa7 Ra8 19. Nb5 Rc8 20. Qd2 h6 21. Nf3 Nf7 22.
a4 c6 23. Nc3 Ba8 24. Qa2 c5 25. a5 cxd4 26. Bxd4 bxa5 27. Qxa5 Bc5 28. Bxc5
Rxc5 29. Qa7 Bxf3 30. gxf3 Nfxe5 31. f4 Qg6+ 32. Kf1 Nxc4 33. Rxd7 Ne3+ 34. Kf2
Rxc3 35. Rg1 Ng4+ 36. Ke1 Rc1+ 37. Bd1 Qf6 38. Rg3 Rf7 39. h3 Rxd7 40. Qxd7 Rc3
41. Rd3 Qh4+ 42. Kd2 Rxd3+ 43. Qxd3 Nf2 44. Qc4 Qd8+ 45. Ke3 Nxd1+ 46. Ke2 Kf7
47. Qb3 Kf6 48. Qa3 g5 49. Qa1+ Kg6 50. fxg5 hxg5 51. Qe5 Qf6 52. Qxf6+ Kxf6
53. Kxd1 0-1

[Event "137th YMCA Winter D"]
[Site "Warszawa"]
[Date "2014.02.14"]
[Round "6"]
[White "Kalhorn, Marcin"]
[Black "Sanz-Wawer, Daniel"]
[Result "0-1"]
[WhiteElo "1595"]
[BlackElo "1641"]
[PlyCount "46"]
[EventDate "2014.01.06"]
[EventType "tourn"]
[EventRounds "1"]
[EventCountry "POL"]
[SourceDate "2014.01.06"]

1. e4 c5 2. Nc3 d6 3. g3 Nc6 4. Bg2 g6 5. d3 Bg7 6. Be3 Nf6 7. h3 O-O 8. Qd2
Bd7 9. Nge2 Re8 10. Bh6 Bh8 11. g4 a6 12. Ng3 Bc8 13. f3 b5 14. O-O-O Qa5 15.
g5 b4 16. Nb1 Nd7 17. a3 bxa3 18. Nxa3 Bxb2+ 19. Kxb2 Rb8+ 20. Ka2 Nb4+ 21. Kb3
Nxd3+ 22. Kc4 N7e5+ 23. Kd5 Be6# 0-1

[Event "137th YMCA Winter D"]
[Site "Warszawa"]
[Date "2014.02.11"]
[Round "6"]
[White "Wrabel, Antoni"]
[Black "Budrewicz, Henryk"]
[Result "1-0"]
[WhiteElo "1712"]
[BlackElo "1539"]
[PlyCount "111"]
[EventDate "2014.01.06"]
[EventType "tourn"]
[EventRounds "1"]
[EventCountry "POL"]
[SourceDate "2014.01.06"]

1. e4 d6 2. d4 Nf6 3. Nc3 c6 4. Nf3 Bg4 5. Be2 Nbd7 6. O-O e5 7. Be3 Be7 8. h3
Bh5 9. Qd2 Qa5 10. a3 b5 11. Rfb1 a6 12. b4 Qc7 13. a4 O-O 14. g4 Bg6 15. Bd3
d5 16. dxe5 dxe4 17. exf6 Nxf6 18. Bf4 Qd8 19. Ne5 exd3 20. Nxc6 Qd7 21. axb5
axb5 22. Nxe7+ Qxe7 23. Rxa8 Rxa8 24. cxd3 Rd8 25. Qe3 Qd7 26. Bg5 Re8 27. Qg3
Qxd3 28. Qxd3 Bxd3 29. Rd1 Bc4 30. Rd6 Re1+ 31. Kh2 Ne8 32. Rd8 Kf8 33. Be3 Ke7
34. Rb8 f6 35. Rb7+ Ke6 36. Bc5 Nd6 37. Rb6 Ke5 38. Rxd6 Rc1 39. f4+ Kxf4 40.
Nd5+ Kf3 41. Ne3 Re1 42. Nxc4 bxc4 43. Rd2 c3 44. Rd3+ Ke2 45. Rxc3 Kd2 46. Rg3
Rb1 47. h4 g6 48. Rf3 f5 49. gxf5 gxf5 50. Rxf5 Kd3 51. Rf4 Rb2+ 52. Kg3 h5 53.
Rf5 Kc4 54. Rxh5 Rb3+ 55. Kg4 Rb1 56. Rf5 1-0

[Event "137th YMCA Winter D"]
[Site "Warszawa"]
[Date "2014.02.10"]
[Round "6"]
[White "Borowski, Marek"]
[Black "Bitowt, Jacek"]
[Result "0-1"]
[WhiteElo "1530"]
[BlackElo "1699"]
[PlyCount "118"]
[EventDate "2014.01.06"]
[EventType "tourn"]
[EventRounds "1"]
[EventCountry "POL"]
[SourceDate "2014.01.06"]

1. d4 Nf6 2. Bf4 b6 3. e3 Bb7 4. Nd2 e6 5. Ngf3 Be7 6. Bd3 d5 7. Ne5 O-O 8. O-O
c5 9. c3 Ne4 10. Rc1 f6 11. Nef3 Nd7 12. Qc2 f5 13. Ne5 Nxd2 14. Qxd2 Nxe5 15.
Bxe5 Bd6 16. f4 Bxe5 17. fxe5 c4 18. Bc2 Bc6 19. Qf2 Qe7 20. Bd1 b5 21. Bf3 a5
22. a3 Rab8 23. Ra1 Be8 24. g3 Kh8 25. Kh1 g5 26. h4 Rg8 27. Rg1 gxh4 28. gxh4
Bf7 29. Rxg8+ Rxg8 30. Rg1 Rxg1+ 31. Kxg1 Be8 32. Kh2 b4 33. axb4 axb4 34. Kh3
bxc3 35. bxc3 Qa3 36. Qd2 Ba4 37. h5 Qe7 38. Qg2 Be8 39. Qg3 h6 40. Qh4 Qg5 41.
Qf4 Kg7 42. Be2 Ba4 43. Qg3 Bc2 44. Bf3 Kf7 45. Qh4 Ke8 46. Qxg5 hxg5 47. Be2
Kf7 48. h6 g4+ 49. Kh4 Kg6 50. h7 Kxh7 51. Kg5 Kg7 52. Kf4 Kh6 53. Kg3 Kg5 54.
Bf1 Bd3 55. Bg2 Be4 56. Bf1 Bf3 57. Kh2 f4 58. exf4+ Kxf4 59. Kg1 Ke3 0-1

[Event "137th YMCA Winter D"]
[Site "Warszawa"]
[Date "2014.02.17"]
[Round "7"]
[White "Bitowt, Jacek"]
[Black "Bartczak, Hanna"]
[Result "1-0"]
[WhiteElo "1699"]
[BlackElo "1592"]
[PlyCount "49"]
[EventDate "2014.01.06"]
[EventType "tourn"]
[EventRounds "1"]
[EventCountry "POL"]
[SourceDate "2014.01.06"]

1. e4 c6 2. d4 d5 3. exd5 cxd5 4. c4 Nf6 5. Nc3 e6 6. Nf3 Be7 7. cxd5 Nxd5 8.
Bd3 Nc6 9. O-O Nf6 10. a3 O-O 11. Be3 a6 12. Qc2 b5 13. Nxb5 Bb7 14. Nc3 Rc8
15. Rad1 Qc7 16. Qe2 Nb8 17. Ne5 Bxa3 18. bxa3 Qxc3 19. Bg5 Nfd7 20. Bxh7+ Kxh7
21. Rd3 Nxe5 22. Rxc3 Rxc3 23. dxe5 Rfc8 24. h4 Rxa3 25. Qb2 1-0

[Event "137th YMCA Winter D"]
[Site "Warszawa"]
[Date "2014.01.24"]
[Round "7"]
[White "Budrewicz, Henryk"]
[Black "Borowski, Marek"]
[Result "0-1"]
[WhiteElo "1539"]
[BlackElo "1530"]
[PlyCount "150"]
[EventDate "2014.01.06"]
[EventType "tourn"]
[EventRounds "1"]
[EventCountry "POL"]
[SourceDate "2014.01.06"]

1. d4 d5 2. Nf3 Nf6 3. Bf4 e6 4. e3 Bd6 5. Ne5 b6 6. Nc3 O-O 7. Bd3 Ba6 8. O-O
Bxd3 9. cxd3 a6 10. Bg5 c5 11. f4 cxd4 12. exd4 Be7 13. Rf3 h6 14. Bh4 b5 15.
a3 Qb6 16. Bf2 Nc6 17. Ne2 Rfc8 18. h3 Rc7 19. g4 Rac8 20. g5 Nh5 21. Be3 hxg5
22. fxg5 Nxe5 23. dxe5 Qb8 24. Qf1 Rf8 25. Qf2 Rc2 26. Rf1 Qe8 27. b4 g6 28.
Rc1 Rxc1+ 29. Bxc1 Qb8 30. d4 Ng7 31. Ng3 Qc7 32. Bd2 Qd7 33. h4 Nf5 34. Nxf5
exf5 35. h5 Kg7 36. h6+ Kh7 37. Rc3 Rc8 38. Qf3 Rc4 39. Kg2 Qd8 40. Qe3 Bxg5
41. Qf2 Rxc3 42. Bxc3 Bxh6 43. Bd2 Bxd2 44. Qxd2 Qh4 45. Qc3 Qe4+ 46. Kf2 f4
47. Qh3+ Kg7 48. Qc3 Qe3+ 49. Qxe3 fxe3+ 50. Kxe3 Kh6 51. Kf4 Kh5 52. e6 fxe6
53. Ke5 g5 54. Kxe6 g4 55. Kxd5 g3 56. Kc6 g2 57. d5 g1=Q 58. d6 Qg2+ 59. Kc7
Qg3 60. Kc6 Qf3+ 61. Kc7 Qf4 62. Kc6 Qe4+ 63. Kd7 Kg5 64. Kc7 Qe5 65. Kc6 Qe8+
66. d7 Qd8 67. Kb7 Qxd7+ 68. Kxa6 Kf5 69. Kb6 Ke5 70. Kc5 Ke4 71. Kb6 Kd4 72.
Ka6 Kc4 73. Kb6 Kb3 74. Ka5 Kxa3 75. Ka6 Kxb4 0-1

[Event "137th YMCA Winter D"]
[Site "Warszawa"]
[Date "2014.03.10"]
[Round "7"]
[White "Sanz-Wawer, Daniel"]
[Black "Wrabel, Antoni"]
[Result "1-0"]
[WhiteElo "1641"]
[BlackElo "1712"]
[PlyCount "81"]
[EventDate "2014.01.06"]
[EventType "tourn"]
[EventRounds "1"]
[EventCountry "POL"]
[SourceDate "2014.01.06"]

1. e4 e5 2. Nf3 Nc6 3. Bc4 Bc5 4. O-O Nf6 5. d4 Bxd4 6. Nxd4 Nxd4 7. f4 d6 8.
fxe5 dxe5 9. Bg5 Be6 10. Na3 Qe7 11. c3 Bxc4 12. Bxf6 gxf6 13. Nxc4 Ne6 14. b4
Rg8 15. Kh1 a6 16. Ne3 Nf4 17. g3 Rd8 18. Qf3 Nh3 19. Nd5 Rxd5 20. exd5 Rg6 21.
Qf5 Qd7 22. c4 Ng5 23. Rae1 h5 24. a4 c6 25. Qxd7+ Kxd7 26. dxc6+ Kxc6 27. Rf5
Rh6 28. h4 Nh7 29. Rd1 Nf8 30. c5 Nd7 31. Rf3 e4 32. Rf4 Rg6 33. Rxe4 Ne5 34.
Kg2 Kc7 35. b5 axb5 36. axb5 Rg4 37. Rxg4 Nxg4 38. Rd4 Ne5 39. Rf4 Ng4 40. Rxg4
hxg4 41. h5 1-0

[Event "137th YMCA Winter D"]
[Site "Warszawa"]
[Date "2014.02.17"]
[Round "7"]
[White "Kwiek, Janusz"]
[Black "Duda, Ryszard"]
[Result "0-1"]
[WhiteElo "1597"]
[BlackElo "1641"]
[PlyCount "204"]
[EventDate "2014.01.06"]
[EventType "tourn"]
[EventRounds "1"]
[EventCountry "POL"]
[SourceDate "2014.01.06"]

1. Nf3 c5 2. c4 Nc6 3. Nc3 Nf6 4. e3 d5 5. cxd5 Nxd5 6. Bb5 e6 7. Ne5 Bd7 8.
Qh5 g6 9. Nxc6 bxc6 10. Qe5 f6 11. Qe4 Nxc3 12. dxc3 cxb5 13. O-O Be7 14. c4
bxc4 15. Qxc4 O-O 16. e4 Kg7 17. Be3 Qb6 18. Qc1 Rfd8 19. Rd1 Bc6 20. Rxd8 Rxd8
21. f3 Qb5 22. b3 Bb7 23. Bh6+ Kf7 24. h4 Ba6 25. Qf4 Qd3 26. Re1 Qd4+ 27. Kh1
Qf2 28. Rg1 Bd6 29. Qg4 Qg3 30. Qh3 Bf4 31. Bxf4 Qxf4 32. h5 g5 33. Re1 Be2 34.
Kg1 Qe3+ 35. Kh1 Qf2 36. Rc1 h6 37. Qh2 Rd7 38. Qb8 Qe3 39. Re1 Qd2 40. Ra1 Qd6
41. Qa8 Bb5 42. Rc1 Rc7 43. a4 Bd7 44. Qb8 Be8 45. Rf1 Qb6 46. Qd8 Rd7 47. Qc8
Rd8 48. a5 Qxa5 49. Qb7+ Rd7 50. Qc8 Qb6 51. Ra1 a5 52. Qa8 Ra7 53. Qc8 Qd6 54.
Rc1 a4 55. bxa4 Rxa4 56. Qxc5 Qxc5 57. Rxc5 Ra7 58. Kh2 Kg7 59. g4 Kf7 60. Kg3
Ke7 61. Rc8 Rd7 62. Ra8 Rd8 63. Ra7+ Bd7 64. Ra6 Rc8 65. Ra7 Kd6 66. Ra6+ Bc6
67. Ra7 Rc7 68. Ra2 Bb7 69. Rd2+ Ke7 70. Rd3 Rd7 71. Rb3 Kd6 72. Rd3+ Kc7 73.
Rc3+ Bc6 74. Ra3 Kb6 75. Rb3+ Bb5 76. Rc3 Rc7 77. Ra3 Kb7 78. Rb3 Rc5 79. Ra3
Bc4 80. Ra1 Be2 81. Ra3 Kb6 82. Kf2 Ba6 83. Rb3+ Bb5 84. Ra3 Rc2+ 85. Kg3 Bc4
86. Re3 e5 87. Ra3 Ra2 88. Rc3 Kc5 89. Rc1 Ra3 90. Rc2 Kd4 91. Rd2+ Bd3 92. Rb2
Kc5 93. Kf2 Kd4 94. Rb4+ Kc3 95. Rb6 Ra6 96. Rb7 Ra2+ 97. Kg3 Bf1 98. Rh7 Rg2+
99. Kh3 Kd3 100. Rxh6 Ke3 101. Rxf6 Kf2 102. Rb6 Rg3+ 0-1

[Event "137th YMCA Winter D"]
[Site "Warszawa"]
[Date "2014.02.20"]
[Round "7"]
[White "Herman, Monika"]
[Black "Wilczynski, Adam"]
[Result "1-0"]
[WhiteElo "1645"]
[BlackElo "1664"]
[PlyCount "127"]
[EventDate "2014.01.06"]
[EventType "tourn"]
[EventRounds "1"]
[EventCountry "POL"]
[SourceDate "2014.01.06"]

1. e4 c5 2. c3 Nf6 3. e5 Nd5 4. d4 cxd4 5. Nf3 d6 6. exd6 e6 7. Nxd4 Bxd6 8.
Bb5+ Bd7 9. O-O O-O 10. Bc4 Bxh2+ 11. Kxh2 Qc7+ 12. g3 Qxc4 13. Na3 Qc5 14. Nb3
Qc7 15. c4 Nf6 16. Bg5 Qe5 17. Bf4 Qf5 18. Nd4 Qg6 19. Qc2 Qh5+ 20. Kg2 Qc5 21.
Be3 e5 22. Nf5 Qc6+ 23. Kg1 Re8 24. Nb5 a6 25. Nbd6 Bxf5 26. Nxf5 Nbd7 27. Rad1
Nf8 28. Rd6 Qe4 29. Qxe4 Nxe4 30. Rb6 Rab8 31. f3 Nd7 32. fxe4 Nxb6 33. Bxb6
Re6 34. c5 f6 35. Kg2 g6 36. Nd6 Kg7 37. Bc7 Rh8 38. Rd1 Re7 39. Bb6 h5 40. Kh3
Rf8 41. Rf1 Kh6 42. b4 Kg7 43. a4 Rd7 44. Rd1 Kh7 45. b5 axb5 46. axb5 f5 47.
c6 bxc6 48. bxc6 Rg7 49. c7 Rgg8 50. Nb7 Rc8 51. Rd8 fxe4 52. Rxc8 Rxc8 53. Nd6
Rxc7 54. Bxc7 e3 55. Ba5 e2 56. Nf7 Kg7 57. Nxe5 Kf6 58. Nd3 g5 59. Nc1 Kf5 60.
Nxe2 Ke4 61. Bd8 g4+ 62. Kh4 Kf3 63. Nf4 Kf2 64. Nxh5 1-0

[Event "137th YMCA Winter D"]
[Site "Warszawa"]
[Date "2014.02.17"]
[Round "7"]
[White "Kepa, Wojciech"]
[Black "Sobotka, Jan"]
[Result "0-1"]
[WhiteElo "1616"]
[BlackElo "1573"]
[PlyCount "106"]
[EventDate "2014.01.06"]
[EventType "tourn"]
[EventRounds "1"]
[EventCountry "POL"]
[SourceDate "2014.01.06"]

1. d4 Nf6 2. c4 e6 3. Bg5 h6 4. Bh4 c6 5. Nf3 Bb4+ 6. Nfd2 g5 7. Bg3 Ne4 8. Qc2
Nxg3 9. hxg3 d5 10. e3 Nd7 11. Nc3 Qf6 12. f4 Qg7 13. O-O-O Nf6 14. Be2 gxf4
15. gxf4 Ng4 16. Bxg4 Qxg4 17. Nf3 Bd6 18. Rh4 Qg6 19. c5 Be7 20. Rh2 Qxc2+ 21.
Kxc2 f6 22. Rdh1 Bf8 23. Nd1 b6 24. g4 bxc5 25. dxc5 Rb8 26. g5 Rb5 27. gxf6
Kf7 28. Nc3 Rb7 29. Ne5+ Kxf6 30. Rg2 Rg7 31. Rxg7 Kxg7 32. b4 h5 33. Nxc6 Bb7
34. Nxa7 d4 35. Rg1+ Kf7 36. exd4 Bg7 37. Nab5 Bc6 38. Nd6+ Kf8 39. Kd3 h4 40.
Nce4 h3 41. b5 h2 42. Rh1 Rh3+ 43. Kc4 Bd5+ 44. Kb4 Bxd4 45. c6 Bc3+ 46. Kc5
Ba5 47. Nf2 Rc3+ 48. Kd4 Bxh1 49. Nxh1 Rc1 50. Nf2 Bb6+ 51. Ke5 Bxf2 52. c7
Rxc7 53. b6 Bxb6 0-1

[Event "137th YMCA Winter D"]
[Site "Warszawa"]
[Date "2014.02.24"]
[Round "8"]
[White "Bartczak, Hanna"]
[Black "Sobotka, Jan"]
[Result "0-1"]
[WhiteElo "1592"]
[BlackElo "1573"]
[PlyCount "54"]
[EventDate "2014.01.06"]
[EventType "tourn"]
[EventRounds "1"]
[EventCountry "POL"]
[SourceDate "2014.01.06"]

1. d4 Nf6 2. c4 e6 3. Nf3 Bb4+ 4. Bd2 Qe7 5. e3 Ne4 6. a3 Nxd2 7. Nbxd2 Bxd2+
8. Qxd2 a5 9. Be2 O-O 10. O-O b6 11. e4 Bb7 12. Qf4 d6 13. Rfe1 Nd7 14. Bd3 e5
15. Qg3 exd4 16. Nxd4 Qf6 17. Nf5 g6 18. b3 Kh8 19. Ne3 Nc5 20. Nd5 Bxd5 21.
exd5 Nxb3 22. Ra2 Rfe8 23. Rxe8+ Rxe8 24. Kf1 Qc3 25. f4 Nc1 26. Be2 Qxg3 27.
hxg3 Nxa2 0-1

[Event "137th YMCA Winter D"]
[Site "Warszawa"]
[Date "2014.02.24"]
[Round "8"]
[White "Wilczynski, Adam"]
[Black "Kepa, Wojciech"]
[Result "0-1"]
[WhiteElo "1664"]
[BlackElo "1616"]
[PlyCount "104"]
[EventDate "2014.01.06"]
[EventType "tourn"]
[EventRounds "1"]
[EventCountry "POL"]
[SourceDate "2014.01.06"]

1. c4 Nf6 2. Nf3 g6 3. g3 Bg7 4. Bg2 O-O 5. Nc3 d6 6. O-O e5 7. d3 Nbd7 8. Rb1
a5 9. a3 Re8 10. e4 b6 11. b4 axb4 12. axb4 Ng4 13. h3 Nh6 14. Bg5 f6 15. Be3
Bb7 16. Qd2 Nf7 17. Nh4 c6 18. d4 exd4 19. Bxd4 c5 20. bxc5 dxc5 21. Be3 Nfe5
22. Qb2 Nxc4 23. Qb3 Nde5 24. f4 Ra3 25. fxe5 Rxb3 26. Rxb3 Nxe3 27. Rfb1 Nxg2
28. Nxg2 Qd4+ 29. Kh2 Bxe4 30. Nxe4 Qxe4 31. exf6 Bxf6 32. Rxb6 Bd4 33. Re1
Qxg2+ 34. Kxg2 Rxe1 35. Rc6 Re7 36. g4 g5 37. Rd6 Kf7 38. Rc6 Ke8 39. Rd6 Rf7
40. Rd5 h6 41. Rd6 Rf2+ 42. Kh1 Rf6 43. Rd5 Ke7 44. Kg2 Rf8 45. h4 Ke6 46. Rf5
Rxf5 47. gxf5+ Kxf5 48. hxg5 hxg5 49. Kf3 c4 50. Ke2 g4 51. Kd1 g3 52. Kc2 g2
0-1